Zufällige Länderpunkte auf einer Weltkarte - Statistiken

Allgemein
  • Dieses Quiz wurde 466 mal gespielt
  • Das Durchschnittsergebnis liegt bei 10 aus 20
Antworten auf der Karte
Die Antworten werden auf der Karte rot bzw. grün angezeigt, abhängig davon wie oft sie richtig erraten wurden.
 
Antwortstatistiken
Land % Korrekt
Argentinien
100%
Brasilien
100%
Frankreich
100%
Indien
100%
Kanada
100%
Mexiko
100%
Norwegen
100%
Vereinigte Staaten
100%
Finnland
91%
Schweden
90%
Vereinigtes Königreich
90%
Kasachstan
88%
Portugal
88%
Saudi-Arabien
88%
Algerien
86%
Belarus
85%
Neuseeland
85%
Südafrika
85%
Estland
83%
Island
83%
Italien
83%
Russland
81%
Australien
80%
Österreich
80%
Spanien
80%
Vietnam
80%
Japan
79%
Lettland
79%
Nigeria
79%
Andorra
78%
Polen
78%
Ungarn
78%
Marokko
77%
Slowakei
77%
Tschechien
77%
Ukraine
77%
Senegal
76%
Deutschland
75%
Liechtenstein
75%
Niederlande
75%
Peru
75%
Angola
73%
Chile
73%
China
73%
Kolumbien
73%
Lesotho
73%
Liberia
73%
Mongolei
73%
Irland
71%
Niger
71%
Schweiz
71%
Nordkorea
70%
Äthiopien
67%
Bangladesch
67%
Belgien
67%
Bolivien
67%
Ecuador
67%
Kenia
67%
Republik Kongo
67%
Togo
67%
Uruguay
67%
Venezuela
65%
Griechenland
64%
Mauretanien
64%
Panama
64%
Mauritius
63%
Slowenien
63%
Madagaskar
62%
Dänemark
61%
Israel
60%
Kap Verde
60%
Mali
60%
Paraguay
60%
Ghana
58%
Komoren
58%
Tunesien
57%
Burkina Faso
56%
Jemen
56%
Simbabwe
56%
Thailand
56%
Armenien
55%
Irak
55%
Pakistan
54%
Bahamas
53%
Bosnien und Herzegowina
53%
Georgien
53%
Guinea
53%
Jamaika
53%
Kamerun
53%
Malta
53%
Bulgarien
50%
Demokratische Republik Kongo
50%
Indonesien
50%
Papua-Neuguinea
50%
Sri Lanka
50%
Südkorea
50%
Türkei
50%
Gabun
47%
Oman
47%
Tadschikistan
47%
Uganda
47%
Eritrea
46%
Malaysia
46%
Kuba
45%
Nordmazedonien
45%
Philippinen
45%
Afghanistan
44%
Benin
44%
El Salvador
44%
Jordanien
44%
Kiribati
44%
Sudan
44%
Rumänien
43%
Singapur
43%
Turkmenistan
43%
Kosovo
42%
Monaco
42%
Seychellen
42%
Zentralafrikanische Republik
42%
Taiwan
41%
Bhutan
40%
Costa Rica
40%
Guyana
40%
Libyen
40%
Suriname
40%
Dominikanische Republik
39%
Albanien
38%
Föderierte Staaten von Mikronesien
38%
Gambia
38%
Guinea-Bissau
38%
Katar
38%
Kroatien
38%
Moldawien
38%
Montenegro
38%
Mosambik
38%
Osttimor
38%
Salomonen
38%
Serbien
38%
Tansania
38%
Aserbaidschan
36%
Litauen
36%
Malediven
36%
Somalia
36%
Usbekistan
36%
Haiti
35%
Dominica
33%
Eswatini
33%
Fidschi
33%
Grenada
33%
Iran
33%
Myanmar
33%
Nicaragua
33%
Sierra Leone
33%
Vereinigte Arabische Emirate
31%
Kirgisistan
30%
Tschad
30%
Burundi
29%
Honduras
29%
Luxemburg
29%
Samoa
29%
Barbados
27%
Botswana
27%
Brunei
27%
Guatemala
27%
São Tomé und Príncipe
27%
Trinidad und Tobago
27%
Vatikanstadt
27%
St. Lucia
26%
Laos
25%
Libanon
25%
Syrien
25%
St. Kitts und Nevis
23%
Nauru
22%
Äquatorial-Guinea
21%
Dschibuti
20%
Ruanda
20%
Zypern
20%
Kambodscha
18%
Kuwait
18%
Nepal
18%
Tuvalu
18%
Antigua und Barbuda
17%
Belize
17%
Elfenbeinküste
17%
Malawi
17%
Südsudan
17%
San Marino
14%
Vanuatu
11%
Marshallinseln
10%
Tonga
8%
Ägypten
0%
Bahrain
0%
St. Vincent & the Grenadines
0%
Namibia
0%
Palau
0%
Sambia
0%
Keine übereinstimmenden Quizze gefunden
Verteilung der Resultate
Anzahl Personen mit jedem Resultat
Perzentil nach korrekt beantworteten Fragen
Ihre Resultats-Entwicklung
Sie haben dieses Quiz noch nicht gespielt